000 00306nam a2200133Ia 4500
005 20251222152622.0
008 251222s9999||||xx |||||||||||||| ||spa||
020 _a8470691104
082 _a530/R87/T.II
100 _aRoviera, Jaime
245 0 _aEl Mundo de la FĂ­sica
264 _bOceano
942 _cLIB
999 _c27381
_d27381